Statistiques concernant Liste des albums de naps

Cliquez ici pour prendre le quiz!

Statistiques générales

  • Ce quiz a été pris 91 fois
  • Le résultat moyen est 5 sur 6

Statistiques - réponses

HintRéponse% Correct
2017Pochon Bleu
91%
2021Les mains faites pour l'or
85%
2019On est fait pour ca
80%
2021Best life
77%
2020Carré vip
75%
2018A l'instinct
57%

Distribution des résultats

Percentile par nombre de réponses

% des personnes avec chaque résultat

Votre développement - résultats

Vous n’avez pas pris ce quiz